Sports Quiz

Random Sports or NFL Quiz

Every Quarterback Drafted in NFL Draft 2012 Quiz Stats

 Plays Quiz not verified by Sporcle

Challenge
Share
Tweet
Embed
Score 0/11 Timer 05:00
0 Plays Today
Team Quarterback % Correct
ColtsAndrew Luck
99.4%
RedskinsRobert Griffin III
97.2%
BrownsBrandon Weeden
96.1%
DolphinsRyan Tannehill
95%
SeahawksRussell Wilson
92.3%
RedskinsKirk Cousins
87.8%
EaglesNick Foles
81.2%
BroncosBrock Osweiler
80.7%
CardinalsRyan Lindley
38.1%
ColtsChandler Harnish
35.9%
PackersBJ Coleman
19.9%

You're not logged in!

Compare scores with friends on all Sporcle quizzes.
OR
Log In

You Might Also Like...

Show Comments

Extras

Top Quizzes Today


Score Distribution

Your Account Isn't Verified!

In order to create a playlist on Sporcle, you need to verify the email address you used during registration. Go to your Sporcle Settings to finish the process.

Report this User

Report this user for behavior that violates our Community Guidelines.

Details: